<?xml version="1.0" encoding="UTF-8"?><marc:collection xmlns:marc="http://www.loc.gov/MARC21/slim">
  <marc:record>
    <marc:leader>06438nas a2201021 c 4500</marc:leader>
    <marc:controlfield tag="001">010023666</marc:controlfield>
    <marc:controlfield tag="003">DE-101</marc:controlfield>
    <marc:controlfield tag="005">20251028082550.0</marc:controlfield>
    <marc:controlfield tag="007">tu</marc:controlfield>
    <marc:controlfield tag="007">hd uuu000uuau</marc:controlfield>
    <marc:controlfield tag="008">991118c18439999xxkw||n   ||| 0||||1eng c</marc:controlfield>
    <marc:datafield tag="016" ind1="7" ind2=" ">
      <marc:subfield code="2">DE-600</marc:subfield>
      <marc:subfield code="a">1806-5</marc:subfield>
    </marc:datafield>
    <marc:datafield tag="016" ind1="7" ind2=" ">
      <marc:subfield code="2">DE-101</marc:subfield>
      <marc:subfield code="a">010023666</marc:subfield>
    </marc:datafield>
    <marc:datafield tag="022" ind1=" " ind2=" ">
      <marc:subfield code="a">0013-0613</marc:subfield>
    </marc:datafield>
    <marc:datafield tag="024" ind1="8" ind2=" ">
      <marc:subfield code="a">pq28390</marc:subfield>
    </marc:datafield>
    <marc:datafield tag="030" ind1=" " ind2=" ">
      <marc:subfield code="a">ECSTA</marc:subfield>
    </marc:datafield>
    <marc:datafield tag="035" ind1=" " ind2=" ">
      <marc:subfield code="a">(DE-599)ZDB1806-5</marc:subfield>
    </marc:datafield>
    <marc:datafield tag="035" ind1=" " ind2=" ">
      <marc:subfield code="a">(OCoLC)1367272862</marc:subfield>
    </marc:datafield>
    <marc:datafield tag="040" ind1=" " ind2=" ">
      <marc:subfield code="a">9001</marc:subfield>
      <marc:subfield code="b">ger</marc:subfield>
      <marc:subfield code="c">DE-101</marc:subfield>
      <marc:subfield code="d">0020</marc:subfield>
    </marc:datafield>
    <marc:datafield tag="041" ind1=" " ind2=" ">
      <marc:subfield code="a">eng</marc:subfield>
    </marc:datafield>
    <marc:datafield tag="042" ind1=" " ind2=" ">
      <marc:subfield code="a">zdb</marc:subfield>
    </marc:datafield>
    <marc:datafield tag="044" ind1=" " ind2=" ">
      <marc:subfield code="c">XA-GB</marc:subfield>
      <marc:subfield code="c">XD-US</marc:subfield>
    </marc:datafield>
    <marc:datafield tag="082" ind1="7" ind2="4">
      <marc:subfield code="a">330</marc:subfield>
      <marc:subfield code="a">320</marc:subfield>
      <marc:subfield code="q">DE-600</marc:subfield>
      <marc:subfield code="2">22sdnb</marc:subfield>
    </marc:datafield>
    <marc:datafield tag="084" ind1=" " ind2=" ">
      <marc:subfield code="a">26</marc:subfield>
      <marc:subfield code="a">3,2</marc:subfield>
      <marc:subfield code="2">ssgn</marc:subfield>
    </marc:datafield>
    <marc:datafield tag="084" ind1=" " ind2=" ">
      <marc:subfield code="a">650</marc:subfield>
      <marc:subfield code="2">rpb</marc:subfield>
    </marc:datafield>
    <marc:datafield tag="084" ind1=" " ind2=" ">
      <marc:subfield code="a">QA 10000</marc:subfield>
      <marc:subfield code="2">rvk</marc:subfield>
    </marc:datafield>
    <marc:datafield tag="090" ind1=" " ind2=" ">
      <marc:subfield code="n">sm</marc:subfield>
    </marc:datafield>
    <marc:datafield tag="210" ind1="0" ind2="0">
      <marc:subfield code="a">Economist (London)</marc:subfield>
    </marc:datafield>
    <marc:datafield tag="245" ind1="0" ind2="0">
      <marc:subfield code="a">&#152;The&#156; economist</marc:subfield>
    </marc:datafield>
    <marc:datafield tag="246" ind1="1" ind2="3">
      <marc:subfield code="a">&#152;The&#156; economist &lt;London&gt;</marc:subfield>
    </marc:datafield>
    <marc:datafield tag="246" ind1="3" ind2=" ">
      <marc:subfield code="a">&#152;The&#156; economist &lt;London&gt; / UK</marc:subfield>
    </marc:datafield>
    <marc:datafield tag="246" ind1="3" ind2=" ">
      <marc:subfield code="a">&#152;The&#156; economist &lt;London&gt; / North America</marc:subfield>
    </marc:datafield>
    <marc:datafield tag="246" ind1="3" ind2=" ">
      <marc:subfield code="a">&#152;The&#156; economist &lt;London&gt; /  Europe</marc:subfield>
    </marc:datafield>
    <marc:datafield tag="246" ind1="3" ind2=" ">
      <marc:subfield code="a">&#152;The&#156; economist &lt;London&gt; / Asia</marc:subfield>
    </marc:datafield>
    <marc:datafield tag="246" ind1="3" ind2=" ">
      <marc:subfield code="a">Review of books and multimedia</marc:subfield>
    </marc:datafield>
    <marc:datafield tag="246" ind1="3" ind2=" ">
      <marc:subfield code="a">Review of books</marc:subfield>
    </marc:datafield>
    <marc:datafield tag="246" ind1="3" ind2=" ">
      <marc:subfield code="a">&#152;The&#156; economist &lt;London&gt; / Banking supplement</marc:subfield>
    </marc:datafield>
    <marc:datafield tag="246" ind1="3" ind2=" ">
      <marc:subfield code="a">&#152;The&#156; economist &lt;London&gt; / Budget supplement</marc:subfield>
    </marc:datafield>
    <marc:datafield tag="246" ind1="3" ind2=" ">
      <marc:subfield code="a">&#152;The&#156; economist &lt;London&gt; / Insurance supplement</marc:subfield>
    </marc:datafield>
    <marc:datafield tag="246" ind1="3" ind2=" ">
      <marc:subfield code="a">&#152;The&#156; economist &lt;London&gt; / Special surveys</marc:subfield>
    </marc:datafield>
    <marc:datafield tag="246" ind1="3" ind2=" ">
      <marc:subfield code="a">&#152;The&#156; economist &lt;London&gt; / Special report</marc:subfield>
    </marc:datafield>
    <marc:datafield tag="246" ind1="3" ind2=" ">
      <marc:subfield code="a">Review of books and multimedia</marc:subfield>
    </marc:datafield>
    <marc:datafield tag="246" ind1="3" ind2=" ">
      <marc:subfield code="a">Review of books</marc:subfield>
    </marc:datafield>
    <marc:datafield tag="246" ind1="3" ind2=" ">
      <marc:subfield code="a">&#152;The&#156; world if</marc:subfield>
    </marc:datafield>
    <marc:datafield tag="264" ind1="3" ind2="1">
      <marc:subfield code="a">London</marc:subfield>
      <marc:subfield code="a">New York, NY</marc:subfield>
      <marc:subfield code="b">Economist</marc:subfield>
      <marc:subfield code="c">1843-</marc:subfield>
    </marc:datafield>
    <marc:datafield tag="336" ind1=" " ind2=" ">
      <marc:subfield code="a">Text</marc:subfield>
      <marc:subfield code="b">txt</marc:subfield>
      <marc:subfield code="2">rdacontent</marc:subfield>
    </marc:datafield>
    <marc:datafield tag="337" ind1=" " ind2=" ">
      <marc:subfield code="a">ohne Hilfsmittel zu benutzen</marc:subfield>
      <marc:subfield code="b">n</marc:subfield>
      <marc:subfield code="2">rdamedia</marc:subfield>
    </marc:datafield>
    <marc:datafield tag="337" ind1=" " ind2=" ">
      <marc:subfield code="a">Mikroform</marc:subfield>
      <marc:subfield code="b">h</marc:subfield>
      <marc:subfield code="2">rdamedia</marc:subfield>
    </marc:datafield>
    <marc:datafield tag="338" ind1=" " ind2=" ">
      <marc:subfield code="a">Band</marc:subfield>
      <marc:subfield code="b">nc</marc:subfield>
      <marc:subfield code="2">rdacarrier</marc:subfield>
    </marc:datafield>
    <marc:datafield tag="338" ind1=" " ind2=" ">
      <marc:subfield code="a">Mikrofilmrolle</marc:subfield>
      <marc:subfield code="b">hj</marc:subfield>
      <marc:subfield code="2">rdacarrier</marc:subfield>
    </marc:datafield>
    <marc:datafield tag="362" ind1="0" ind2=" ">
      <marc:subfield code="a">1.1843,1(2.Sept) -    ; auch mit durchgehender Nr.-Zählung</marc:subfield>
    </marc:datafield>
    <marc:datafield tag="363" ind1="0" ind2="1">
      <marc:subfield code="8">1.1\x</marc:subfield>
      <marc:subfield code="a">1</marc:subfield>
      <marc:subfield code="b">1</marc:subfield>
      <marc:subfield code="k">2</marc:subfield>
      <marc:subfield code="j">9</marc:subfield>
      <marc:subfield code="i">1843</marc:subfield>
    </marc:datafield>
    <marc:datafield tag="500" ind1=" " ind2=" ">
      <marc:subfield code="a">Früher mit Titelzusatz</marc:subfield>
    </marc:datafield>
    <marc:datafield tag="500" ind1=" " ind2=" ">
      <marc:subfield code="a">Ungezählte Beilage: Banking supplement; Budget supplement; Insurance supplement; bis 2006: Special surveys; ab 2007: Special report; Nr. 7940.1995 - 8124.1999: Review of books and multimedia; ab Nr. 8128.1999: Review of books2015 - 2022: The world if; ab 2021: Christmas specials; ab 2022: Summer reading; Summer stories; mit weiteren zahlreichen ungezählten Beilagen erschienen</marc:subfield>
    </marc:datafield>
    <marc:datafield tag="500" ind1=" " ind2=" ">
      <marc:subfield code="a">Einzelne Bände zugleich Bände von: The world ahead ...</marc:subfield>
    </marc:datafield>
    <marc:datafield tag="501" ind1=" " ind2=" ">
      <marc:subfield code="a">Ersch. in 4 inhaltl. unterschiedl. Ausg.: UK, North America, Europe, Asia</marc:subfield>
    </marc:datafield>
    <marc:datafield tag="515" ind1=" " ind2=" ">
      <marc:subfield code="a">2.1844 nicht erschienen; Nr. 7792.1993 und 7845.1994 in der Zählung übergangen; Volume 452, number 9408 (August 3rd-9th 2024) und Volume 456, number 9459 (August 2nd-8th 2025) nur online erschienen</marc:subfield>
    </marc:datafield>
    <marc:datafield tag="530" ind1=" " ind2=" ">
      <marc:subfield code="a">Mikrofilm-Ausg.: Ann Arbor, Mich. : Microfilms Internat. - Mikrofilm-Ausg.: Berlin : SAPMO-BArch</marc:subfield>
    </marc:datafield>
    <marc:datafield tag="533" ind1=" " ind2=" ">
      <marc:subfield code="a">Mikrofilm-Ausg.</marc:subfield>
      <marc:subfield code="b">Ann Arbor, Mich.</marc:subfield>
      <marc:subfield code="c">Microfilms Internat.</marc:subfield>
      <marc:subfield code="b">Berlin</marc:subfield>
      <marc:subfield code="c">SAPMO-BArch</marc:subfield>
    </marc:datafield>
    <marc:datafield tag="550" ind1=" " ind2=" ">
      <marc:subfield code="a">Hrsg. 1922 - 1938: Sir Walter Layton</marc:subfield>
    </marc:datafield>
    <marc:datafield tag="583" ind1="1" ind2=" ">
      <marc:subfield code="3">12.1854-</marc:subfield>
      <marc:subfield code="a">Archivierung/Langzeitarchivierung gewährleistet</marc:subfield>
      <marc:subfield code="c">2023</marc:subfield>
      <marc:subfield code="f">DE-636</marc:subfield>
      <marc:subfield code="x">XA-DE-SH</marc:subfield>
      <marc:subfield code="x">XA-DE-HH</marc:subfield>
      <marc:subfield code="z">f eingeschränkte Benutzung</marc:subfield>
      <marc:subfield code="5">DE-206</marc:subfield>
      <marc:subfield code="2">pdager</marc:subfield>
    </marc:datafield>
    <marc:datafield tag="591" ind1=" " ind2=" ">
      <marc:subfield code="a">(üa/Z) C! (98 Autopsie)  464!Beil.-Aufnahme 464!(Beil.-Neuaufnahme) 464!(Beil.-Neuaufnahme)(11-01-22)</marc:subfield>
    </marc:datafield>
    <marc:datafield tag="650" ind1=" " ind2="7">
      <marc:subfield code="0">(DE-588)4066399-1</marc:subfield>
      <marc:subfield code="0">https://d-nb.info/gnd/4066399-1</marc:subfield>
      <marc:subfield code="0">(DE-101)04066399X</marc:subfield>
      <marc:subfield code="a">Wirtschaft</marc:subfield>
      <marc:subfield code="9">rswk-swf</marc:subfield>
      <marc:subfield code="2">gnd</marc:subfield>
    </marc:datafield>
    <marc:datafield tag="650" ind1=" " ind2="7">
      <marc:subfield code="0">(DE-588)4046514-7</marc:subfield>
      <marc:subfield code="0">https://d-nb.info/gnd/4046514-7</marc:subfield>
      <marc:subfield code="0">(DE-101)040465144</marc:subfield>
      <marc:subfield code="a">Politik</marc:subfield>
      <marc:subfield code="9">rswk-swf</marc:subfield>
      <marc:subfield code="2">gnd</marc:subfield>
    </marc:datafield>
    <marc:datafield tag="650" ind1=" " ind2="7">
      <marc:subfield code="0">(DE-588)4066493-4</marc:subfield>
      <marc:subfield code="0">https://d-nb.info/gnd/4066493-4</marc:subfield>
      <marc:subfield code="0">(DE-101)040664937</marc:subfield>
      <marc:subfield code="a">Wirtschaftspolitik</marc:subfield>
      <marc:subfield code="9">rswk-swf</marc:subfield>
      <marc:subfield code="2">gnd</marc:subfield>
    </marc:datafield>
    <marc:datafield tag="655" ind1=" " ind2="7">
      <marc:subfield code="0">(DE-588)4067510-5</marc:subfield>
      <marc:subfield code="0">https://d-nb.info/gnd/4067510-5</marc:subfield>
      <marc:subfield code="0">(DE-101)040675106</marc:subfield>
      <marc:subfield code="a">Zeitung</marc:subfield>
      <marc:subfield code="2">gnd-content</marc:subfield>
    </marc:datafield>
    <marc:datafield tag="689" ind1="0" ind2="0">
      <marc:subfield code="0">(DE-588)4066399-1</marc:subfield>
      <marc:subfield code="0">https://d-nb.info/gnd/4066399-1</marc:subfield>
      <marc:subfield code="0">(DE-101)04066399X</marc:subfield>
      <marc:subfield code="D">s</marc:subfield>
      <marc:subfield code="a">Wirtschaft</marc:subfield>
    </marc:datafield>
    <marc:datafield tag="689" ind1="0" ind2=" ">
      <marc:subfield code="5">DE-600</marc:subfield>
      <marc:subfield code="5">DE-600</marc:subfield>
    </marc:datafield>
    <marc:datafield tag="689" ind1="1" ind2="0">
      <marc:subfield code="0">(DE-588)4046514-7</marc:subfield>
      <marc:subfield code="0">https://d-nb.info/gnd/4046514-7</marc:subfield>
      <marc:subfield code="0">(DE-101)040465144</marc:subfield>
      <marc:subfield code="D">s</marc:subfield>
      <marc:subfield code="a">Politik</marc:subfield>
    </marc:datafield>
    <marc:datafield tag="689" ind1="1" ind2=" ">
      <marc:subfield code="5">DE-600</marc:subfield>
      <marc:subfield code="5">DE-600</marc:subfield>
    </marc:datafield>
    <marc:datafield tag="689" ind1="2" ind2="0">
      <marc:subfield code="0">(DE-588)4066493-4</marc:subfield>
      <marc:subfield code="0">https://d-nb.info/gnd/4066493-4</marc:subfield>
      <marc:subfield code="0">(DE-101)040664937</marc:subfield>
      <marc:subfield code="D">s</marc:subfield>
      <marc:subfield code="a">Wirtschaftspolitik</marc:subfield>
    </marc:datafield>
    <marc:datafield tag="689" ind1="2" ind2=" ">
      <marc:subfield code="5">DE-600</marc:subfield>
      <marc:subfield code="5">DE-600</marc:subfield>
    </marc:datafield>
    <marc:datafield tag="700" ind1="1" ind2=" ">
      <marc:subfield code="0">(DE-588)124371655</marc:subfield>
      <marc:subfield code="0">https://d-nb.info/gnd/124371655</marc:subfield>
      <marc:subfield code="0">(DE-101)124371655</marc:subfield>
      <marc:subfield code="a">Layton, Walter</marc:subfield>
      <marc:subfield code="d">1884-1966</marc:subfield>
      <marc:subfield code="e">Mitwirkender</marc:subfield>
      <marc:subfield code="4">ctb</marc:subfield>
      <marc:subfield code="2">gnd</marc:subfield>
    </marc:datafield>
    <marc:datafield tag="751" ind1=" " ind2=" ">
      <marc:subfield code="0">(DE-588)4074335-4</marc:subfield>
      <marc:subfield code="0">https://d-nb.info/gnd/4074335-4</marc:subfield>
      <marc:subfield code="0">(DE-101)040743357</marc:subfield>
      <marc:subfield code="a">London</marc:subfield>
      <marc:subfield code="e">Verbreitungsort</marc:subfield>
      <marc:subfield code="4">dbp</marc:subfield>
      <marc:subfield code="2">gnd</marc:subfield>
    </marc:datafield>
    <marc:datafield tag="751" ind1=" " ind2=" ">
      <marc:subfield code="0">(DE-588)4042011-5</marc:subfield>
      <marc:subfield code="0">https://d-nb.info/gnd/4042011-5</marc:subfield>
      <marc:subfield code="0">(DE-101)040420116</marc:subfield>
      <marc:subfield code="a">New York, NY</marc:subfield>
      <marc:subfield code="e">Verbreitungsort</marc:subfield>
      <marc:subfield code="4">dbp</marc:subfield>
      <marc:subfield code="2">gnd</marc:subfield>
    </marc:datafield>
    <marc:datafield tag="770" ind1="0" ind2="8">
      <marc:subfield code="i">Supplement</marc:subfield>
      <marc:subfield code="t">Commercial history &amp; review</marc:subfield>
      <marc:subfield code="d">London : [Verlag nicht ermittelbar], 1863-1945</marc:subfield>
      <marc:subfield code="w">(DE-600)715253-X</marc:subfield>
      <marc:subfield code="w">(DE-101)013860240</marc:subfield>
    </marc:datafield>
    <marc:datafield tag="770" ind1="0" ind2="8">
      <marc:subfield code="i">Supplement</marc:subfield>
      <marc:subfield code="t">Accounts relating to trade and navigation of the United Kingdom</marc:subfield>
      <marc:subfield code="d">London : [Verlag nicht ermittelbar], 1850-1964</marc:subfield>
      <marc:subfield code="w">(DE-600)715254-1</marc:subfield>
      <marc:subfield code="w">(DE-101)013860259</marc:subfield>
    </marc:datafield>
    <marc:datafield tag="770" ind1="0" ind2="8">
      <marc:subfield code="i">Supplement</marc:subfield>
      <marc:subfield code="t">Reports of joint stock banks of the United Kingdom</marc:subfield>
      <marc:subfield code="d">London : [Verlag nicht ermittelbar], 1862-1910</marc:subfield>
      <marc:subfield code="w">(DE-600)715255-3</marc:subfield>
      <marc:subfield code="w">(DE-101)013860267</marc:subfield>
    </marc:datafield>
    <marc:datafield tag="770" ind1="0" ind2="8">
      <marc:subfield code="i">Supplement</marc:subfield>
      <marc:subfield code="n">Ab 2000 Beil.</marc:subfield>
      <marc:subfield code="t">&#152;The&#156; economist &lt;London&gt; / Technology quarterly. Technology quarterly</marc:subfield>
      <marc:subfield code="d">[London : The Economist Newspaper Ltd.], 2000-</marc:subfield>
      <marc:subfield code="w">(DE-600)2063639-8</marc:subfield>
      <marc:subfield code="w">(DE-101)022871217</marc:subfield>
    </marc:datafield>
    <marc:datafield tag="770" ind1="0" ind2="8">
      <marc:subfield code="i">Supplement</marc:subfield>
      <marc:subfield code="t">&#152;The&#156; Investor's monthly manual</marc:subfield>
      <marc:subfield code="d">London : Investors Monthly Manual Office, 1865-1930</marc:subfield>
      <marc:subfield code="w">(DE-600)717867-0</marc:subfield>
      <marc:subfield code="w">(DE-101)013880144</marc:subfield>
    </marc:datafield>
    <marc:datafield tag="770" ind1="0" ind2="8">
      <marc:subfield code="i">Supplement</marc:subfield>
      <marc:subfield code="n">2016-</marc:subfield>
      <marc:subfield code="t">&#152;The&#156; economist. The @world if</marc:subfield>
      <marc:subfield code="d">London : The Economist Newspaper Limited, [2016]-</marc:subfield>
      <marc:subfield code="w">(DE-600)2933889-X</marc:subfield>
      <marc:subfield code="w">(DE-101)1161688803</marc:subfield>
    </marc:datafield>
    <marc:datafield tag="770" ind1="0" ind2="8">
      <marc:subfield code="i">Supplement</marc:subfield>
      <marc:subfield code="n">2021-</marc:subfield>
      <marc:subfield code="t">&#152;The&#156; world ahead ...</marc:subfield>
      <marc:subfield code="d">London : The Economist, [2021]-</marc:subfield>
      <marc:subfield code="w">(DE-600)3103322-2</marc:subfield>
      <marc:subfield code="w">(DE-101)1247115526</marc:subfield>
    </marc:datafield>
    <marc:datafield tag="776" ind1="0" ind2="8">
      <marc:subfield code="i">Erscheint auch als</marc:subfield>
      <marc:subfield code="n">CD-ROM-Ausgabe</marc:subfield>
      <marc:subfield code="t">&#152;The&#156; economist on CD-ROM &lt;London&gt;</marc:subfield>
      <marc:subfield code="d">London : [Verlag nicht ermittelbar], 1987-2006</marc:subfield>
      <marc:subfield code="h">CD-ROMs</marc:subfield>
      <marc:subfield code="x">1476-8860</marc:subfield>
      <marc:subfield code="w">(DE-600)1417515-0</marc:subfield>
      <marc:subfield code="w">(DE-101)019120621</marc:subfield>
    </marc:datafield>
    <marc:datafield tag="776" ind1="0" ind2="8">
      <marc:subfield code="i">Erscheint auch als</marc:subfield>
      <marc:subfield code="n">Online-Ausgabe</marc:subfield>
      <marc:subfield code="t">&#152;The&#156; economist</marc:subfield>
      <marc:subfield code="d">[London] : Economist, 1990-</marc:subfield>
      <marc:subfield code="h">Online-Ressource</marc:subfield>
      <marc:subfield code="w">(DE-600)2003117-8</marc:subfield>
      <marc:subfield code="w">(DE-101)020091311</marc:subfield>
    </marc:datafield>
    <marc:datafield tag="776" ind1="0" ind2="8">
      <marc:subfield code="i">Elektronische Reproduktion</marc:subfield>
      <marc:subfield code="t">&#152;The&#156; economist historical archive</marc:subfield>
      <marc:subfield code="d">London : Economist, 1843-</marc:subfield>
      <marc:subfield code="h">Online-Ressource</marc:subfield>
      <marc:subfield code="w">(DE-600)2395692-6</marc:subfield>
      <marc:subfield code="w">(DE-101)986322903</marc:subfield>
    </marc:datafield>
    <marc:datafield tag="787" ind1="0" ind2="8">
      <marc:subfield code="i">5657=245 von</marc:subfield>
      <marc:subfield code="t">&#152;The&#156; economist &lt;London&gt; / Records and statistics. Records and statistics</marc:subfield>
      <marc:subfield code="d">London : Clements, 1947-1953</marc:subfield>
      <marc:subfield code="w">(DE-600)437042-9</marc:subfield>
      <marc:subfield code="w">(DE-101)012493651</marc:subfield>
    </marc:datafield>
    <marc:datafield tag="787" ind1="0" ind2="8">
      <marc:subfield code="i">In Beziehung stehendes Werk</marc:subfield>
      <marc:subfield code="n">Website</marc:subfield>
      <marc:subfield code="t">Economist.com</marc:subfield>
      <marc:subfield code="d">London : Economist, 1997-</marc:subfield>
      <marc:subfield code="h">Online-Ressource</marc:subfield>
      <marc:subfield code="w">(DE-600)2136527-1</marc:subfield>
      <marc:subfield code="w">(DE-101)025664689</marc:subfield>
    </marc:datafield>
    <marc:datafield tag="850" ind1=" " ind2=" ">
      <marc:subfield code="a">DE-101a</marc:subfield>
    </marc:datafield>
  </marc:record>
</marc:collection>
